Historia de Grecia en la perspectiva del mundo antiguo / (Record no. 140727)

MARC details
000 -LEADER
campo de control de longitud fija 00583nam a2200193 i 4500
001 - NÚMERO DE CONTROL
campo de control 140727
003 - IDENTIFICADOR DE NÚMERO DE CONTROL
campo de control ES-MaACL
005 - FECHA Y HORA DE LA ÚLTIMA TRANSACCIÓN
campo de control 20230906200136.0
007 - CAMPO FIJO DE DESCRIPCIÓN FÍSICA--INFORMACIÓN GENERAL
campo de control de longitud fija t|
008 - DATOS DE LONGITUD FIJA--INFORMACIÓN GENERAL
campo de control de longitud fija 070917s1959 sp bf |||| | spa d
080 ## - NÚMERO DE LA CLASIFICACIÓN DECIMAL UNIVERSAL
Número de la Clasificación Decimal Universal 94(38)
100 1# - ENTRADA PRINCIPAL--NOMBRE DE PERSONA
Nombre de persona Wilcken, Ulrich.
9 (RLIN) 116805
245 10 - MENCIÓN DEL TÍTULO
Título Historia de Grecia en la perspectiva del mundo antiguo /
Mención de responsabilidad, etc. Ulrich Wilcken.
250 ## - MENCION DE EDICION
Mención de edición 3ª ed..., rev.
260 ## - PUBLICACIÓN, DISTRIBUCIÓN, ETC.
Lugar de publicación, distribución, etc. [Madrid] :
Nombre del editor, distribuidor, etc. Pegaso,
Fecha de publicación, distribución, etc. 1959.
300 ## - DESCRIPCIÓN FÍSICA
Extensión XIII p., 458 p., VIII h. de lám., 2 h. de mapas pleg. ;
Dimensiones 23 cm.
651 #4 - PUNTO DE ACCESO ADICIONAL DE MATERIA--NOMBRE GEOGRÁFICO
Nombre geográfico Grecia-
Subdivisión general Historia.
9 (RLIN) 8777
852 ## - LOCALIZACIÓN
Ubicación ES-MaACL
Número de control de estantería C-16514
Holdings
Estatus retirado Estado de pérdida Estado de daño No para préstamo Biblioteca de origen Biblioteca actual Ubicación en estantería Fecha de adquisición Fuente de adquisición Total de préstamos Signatura topográfica completa Código de barras Visto por última vez Precio de reemplazo Tipo de ítem Koha
        Biblioteca del Ateneo de Madrid Biblioteca del Ateneo de Madrid Galería 17/01/2008     C-16514 1146441 23/02/2023 23/02/2023 Libro impreso